| 000 | 00523nam a22001697a 4500 | ||
|---|---|---|---|
| 003 | OSt | ||
| 005 | 20140310182445.0 | ||
| 008 | 130312t xxu||||| |||| 00| 0 eng d | ||
| 020 | _a9789715849166 | ||
| 050 |
_aRS 164 _b.R937 2009 |
||
| 100 |
_aRummel, Dietmar J. _97668 |
||
| 245 |
_aDeskbook : _cDietmar J. Rummel. _bPhilippine medicinal plants in primary health care / |
||
| 260 |
_aQuezon City : _bC & E Publishing, _c2009. |
||
| 300 |
_c25 cm. _axxix. 565 p. ; _bill. col. ; |
||
| 942 |
_2lcc _cSSLC |
||
| 999 |
_c13582 _d13582 |
||